000 00910cam a22002531 4500
001 l 48000064
003 DLC
005 20260227111541.0
008 890630s1948 dcua f000 0 eng c
010 _al 48000064
035 _a(OCoLC)19954195
040 _aU.S. Dept. of Labor. Library
_cMiDW
_dOCoLC
_dDLC
042 _apremarc
050 0 0 _aHD7262
_b.U62 1948c
110 1 _aUnited States.
_bBureau of Labor Standards.
245 1 0 _aLabor management safety committees,
_bhow they work.
260 _a[Washington,
_c1948]
300 _a11 p.
_billus.
_c27 cm.
490 1 _aIts Bulletin
_vno. 86, rev.
500 _aEarlier ed. has title: Guide to industrial accident prevention through a joint labor-management safety committee.
650 0 _aIndustrial accidents.
650 0 _aManagement
_xEmployee participation.
810 1 _aUnited States.
_bBureau of Labor Standards.
_tBulletin ;
_vno. 86, rev.
999 _c36613
_d36613